Państwa według języków w 90 sekund - Statystyki

Ogólne statystyki
  • Ten quiz został rozwiązany 733 razy
  • Średni wynik to 107 z 192
Odpowiedzi na mapie
Odpowiedzi zakodowano w zielono-czerwonej skali na mapie do tego quizu, zgodnie z poniższymi procentami.
 
Statystyki odpowiedzi
Języki Kraje % Poprawnych
Angielski, Arabski, Tigrinia Erytrea
99%
Angielski, Fidżyjski , Hindi fidżyjskie Fidżi
99%
Angielski, Hinduski (Hindi) Indie
99%
Francuski, Angielski Kamerun
99%
Angielski, Francuski Kanada
99%
Afrikaans, Angielski, Ndebele południowy, Sotho-tswana, Sotho, Suazi, Tswana, Tsonga, Venda, Xhosa, Zulu Republika Południowej Afryki
99%
Francuski, Angielski, Kreolski seszelski Seszele
99%
Chiński , Angielski, Malajski, Tamilski Singapur
99%
Angielski Antigua i Barbuda
98%
Angielski Bahamy
98%
Angielski Dominika
98%
Angielski, Filipiński Filipiny
98%
Angielski Gujana
98%
Irlandzki, Angielski Irlandia
98%
Angielski Jamajka
98%
Angielski, Suahili Kenia
98%
Angielski Mikronezja
98%
Angielski, Māori, Maoryski, Nowozelandzki język migowy Nowa Zelandia
98%
Angielski, Tok Pisin, Hiri Motu Papua-Nowa Gwinea
98%
Angielski Saint Kitts i Nevis
98%
Angielski Saint Vincent i Grenadyny
98%
Angielski Sudan Południowy
98%
Angielski Trynidad i Tobago
98%
Angielski Wielka Brytania
98%
Angielski, Marszalski (ebon) Wyspy Marshalla
98%
Angielski Wyspy Salomona
98%
Niderlandzki, holenderski, flamandzki, Francuski, Niemiecki Belgia
97%
Hiszpański, Francuski, Portugalski Gwinea Równikowa
97%
Francuski, Niemiecki, Luksemburski Luksemburg
97%
Niemiecki, Francuski, Włoski, Romansz Szwajcaria
97%
Arabski, Francuski Czad
96%
Arabski, Francuski Dżibuti
96%
Kazachski, Rosyjski Kazachstan
96%
Arabski, Komoryjski, Francuski Komory
96%
Hiszpański Argentyna
95%
Białoruski, Rosyjski Białoruś
95%
Hiszpański, Keczua, Ajmara Boliwia
95%
Hiszpański Dominikana
95%
Hiszpański Ekwador
95%
Hiszpański Gwatemala
95%
Hiszpański Hiszpania
95%
Kirgiski, Rosyjski Kirgistan
95%
Hiszpański Kolumbia
95%
Hiszpański Kostaryka
95%
Hiszpański Kuba
95%
Hiszpański Nikaragua
95%
Hiszpański, Guaraní Paragwaj
95%
Rosyjski Rosja
95%
Hiszpański Salwador
95%
Hiszpański Urugwaj
95%
Hiszpański Wenezuela
95%
Polski Polska
94%
Francuski Demokratyczna Republika Konga
93%
Francuski Francja
93%
Francuski Gwinea
93%
Francuski Kongo
93%
Francuski, Malgaski Madagaskar
93%
Francuski Monako
93%
Francuski, Sango Republika Środkowoafrykańska
93%
Francuski Wybrzeże Kości Słoniowej
93%
Niemiecki Niemcy
91%
Portugalski Brazylia
90%
Chiński Chiny
90%
Portugalski Gwinea Bissau
90%
Portugalski Mozambik
90%
Portugalski Portugalia
90%
Portugalski Republika Zielonego Przylądka
90%
Chiński Tajwan
90%
Portugalski, Tetum Timor Wschodni
90%
Portugalski Wyspy Świętego Tomasza i Książeca
90%
Arabski, Hebrajski Izrael
80%
Arabski Algieria
79%
Arabski Arabia Saudyjska
79%
Arabski Bahrajn
79%
Arabski Egipt
79%
Arabski Irak
79%
Arabski Jemen
79%
Arabski Jordania
79%
Arabski Katar
79%
Arabski Kuwejt
79%
Arabski Liban
79%
Arabski Libia
79%
Berberyjskie, Arabski Maroko
79%
Arabski Mauretania
79%
Arabski Tunezja
79%
Arabski Zjednoczone Emiraty Arabskie
79%
Włoski Watykan
75%
Włoski Włochy
75%
Fiński, Szwedzki Finlandia
67%
Grecki, Turecki Cypr
64%
Ukraiński Ukraina
64%
Japoński Japonia
62%
Szwedzki Szwecja
62%
Duński Dania
61%
Norweski Norwegia
60%
Turecki Turcja
56%
Koreański Korea Północna
42%
Koreański Korea Południowa
42%
Czeski Czechy
40%
Niderlandzki, holenderski, flamandzki Holandia
36%
Niderlandzki, holenderski, flamandzki Surinam
36%
Grecki Grecja
34%
Rumuński (Mołdawski ) Mołdawia
34%
Hiszpański Peru
34%
Rumuński Rumunia
34%
Niemiecki Austria
33%
Bośniacki, Chorwacki, Serbski Bośnia i Hercegowina
33%
Hiszpański Chile
33%
Arabski, Angielski Sudan
32%
Litewski Litwa
31%
Francuski Niger
30%
Angielski, Hinduski (Urdu) Pakistan
30%
Paszto, Perski (Dari) Afganistan
29%
Angielski Belize
29%
Angielski, Suazi Eswatini
29%
Hiszpański Honduras
29%
Albański, Serbsko-chorwacki (Serbski ) Kosowo
29%
Angielski, Sotho Lesotho
29%
Francuski Mali
29%
Maltański, Angielski Malta
29%
Angielski Namibia
29%
Angielski Nigeria
29%
Hiszpański Panama
29%
Angielski, Francuski, Kinyarwanda (Ruanda-rundi) Rwanda
29%
Angielski, Samoański Samoa
29%
Bislama, Angielski, Francuski Vanuatu
29%
Angielski Zambia
29%
Portugalski Angola
28%
Angielski Barbados
28%
Francuski Benin
28%
Francuski Burkina Faso
28%
Rundi (kirundi), Francuski Burundi
28%
Francuski Gabon
28%
Angielski Gambia
28%
Angielski Ghana
28%
Angielski Grenada
28%
Francuski, Kreolski haitański Haiti
28%
Angielski, Gilbertański (tungaru) Kiribati
28%
Angielski Liberia
28%
Niemiecki Liechtenstein
28%
Czewa, Angielski Malawi
28%
Angielski, Nauruański Nauru
28%
Angielski, Palau Palau
28%
Angielski Saint Lucia
28%
Francuski Senegal
28%
Angielski Sierra Leone
28%
Perski (Tadżycki) Tadżykistan
28%
Suahili, Angielski Tanzania
28%
Francuski Togo
28%
Angielski, Tonga Tonga
28%
Tuvalu, Angielski Tuvalu
28%
Angielski, Suahili Uganda
28%
Angielski, Shona, Ndebele północny Zimbabwe
28%
Islandzki Islandia
26%
łotewski Łotwa
26%
Arabski Oman
25%
Arabski, Somalijski Somalia
24%
Arabski Syria
24%
Włoski San Marino
23%
Perski Iran
22%
Słowacki Słowacja
22%
Tajski Tajlandia
22%
Węgierski Węgry
20%
Malajski (Indonezyjski) Indonezja
19%
Chorwacki Chorwacja
17%
Mongolski Mongolia
14%
Wietnamski Wietnam
14%
Estoński Estonia
10%
Malajski Malezja
9%
Serbski Serbia
8%
Słoweński Słowenia
8%
Bengalski Bangladesz
6%
Bułgarski Bułgaria
5%
Nepalski Nepal
4%
Malajski Brunei
3%
Gruziński Gruzja
3%
Albański Albania
2%
Azerski Azerbejdżan
2%
Amharski Etiopia
2%
Khmerski Kambodża
2%
Uzbecki Uzbekistan
2%
Kataloński Andora
1%
Armeński, Ormiański Armenia
1%
Dzongkha Bhutan
1%
Laotański Laos
1%
Macedoński Macedonia Północna
1%
Birmański Mjanma
1%
Tswana Botswana
0%
Czarnogórski Czarnogóra
0%
Malediwski Malediwy
0%
Sinhala, Tamilski Sri Lanka
0%
Turkmeński Turkmenistan
0%
Nie znaleziono quizów pasujących do podanych kryteriów
Rozkład punktacji
Procent ludzi z każdym wynikiem
Percentyl według liczby udzielonych odpowiedzi
Twoja historia wyników
Nie rozwiązałeś tego quizu